00371nam a2200157Ia 4500008004100000082001000041100001800051245001600069260002400085300000800109365000600117520002900123630001600152650002900168730001600197100917s9999 xx 000 0 und d b46406 aRodie Sudbery aThe Pigsleg bAndre Deutschc1971 a125 b0 aबालविभाग aThe Pigsleg aबालविभाग aThe Pigsleg